Culture Générale - Série 2226 - Statistiques

Statistiques générales
  • Ce quiz a été pris 125 fois
  • Le résultat moyen est 4 sur 10
Statistiques - réponses
Question Réponse % Correct
En argot, que désigne le mot "futal" ? pantalon
96%
Dans le film "La vache et le prisonnier" réalisé par Henri Verneuil en 1959, comment s'appelle la vache de Fernandel ? Marguerite
89%
Quel chanteur était surnommé "Le fou chantant" ? prénom et nom Charles Trenet
77%
Dans quel département français se trouve la commune de Locminé ? Morbihan
46%
Quel animal est l'étrille ? crabe
40%
Quel maréchal d'Empire, duc d'Elchingen et prince de la Moskova, a été fusillé en 1815 ? Michel Ney
26%
Quel félin est également appelé Lynx du désert ou Lynx de Perse ? voir photo caracal
17%
Quel anglicisme désigne un double obstacle dans un parcours d'équitation ? - 4 lettres oxer
13%
Familier, vieilli. : Crédulité excessive, niaiserie - 9 lettres commençant par " j " jobardise
9%
Personne qui affecte maladroitement l'élégance, qui cherche à se faire valoir : synonyme "fanfaron, fat" - 6 lettres commençant par " f " faraud
1%
Aucun quiz correspondant
Distribution des résultats
% des personnes avec chaque résultat
Percentile par nombre de réponses
Votre historique - résultats
Vous n’avez pas pris ce quiz